000 00727nam a2200229Ia 4500
999 _c64393
_d64393
003 GCL
005 20240530110729.0
008 140319s9999 xx 000 0 ara d
020 _a9773450279
040 _aGCL /
_cGCL
082 0 4 _a005.3
_bو آ
100 1 _aويفرك ، بيت
245 1 0 _aاى سى كيو /
_cبيت ويفرك ، مايكل تايلور ؛ خالد العامرى
250 _aالاولى
260 _aالقاهرة :
_bدار الفاروق للنشر والتوزيع ،
_c2001 .
300 _a392 ص. ؛
_c24 سم.
650 0 4 _aالانترنت
650 0 4 _aاى سى كيو
650 0 4 _aالانترنت - برامج
700 1 _aتايلور، مايكل
942 _2ddc
_cBK